[Event "CAN-ch U10"]
[Site "Victoria"]
[Date "2009.07.22"]
[Round "3"]
[White "Qian, Andy"]
[Black "Hoffner, Noah"]
[Result "1/2-1/2"]
[WhiteElo "972"]
[BlackElo "1156"]
[PlyCount "78"]
[EventDate "2009.07.21"]
[EventType "swiss"]
[EventRounds "7"]
[EventCountry "CAN"]
[SourceTitle "EXT 2011"]
[Source "ChessBase"]
[SourceDate "2010.11.26"]
[SourceVersion "1"]
[SourceVersionDate "2010.11.26"]
[SourceQuality "1"]

1. d4 Nf6 2. c4 g6 3. Nf3 Bg7 4. Nc3 e6 5. Bg5 Nc6 6. e3 0-0 7. Ne5 d6 8. Ng4 h6 9. Nxh6+ Bxh6 10. Bxh6 Re8 11. Bg5 b6 12. Ne4 Nxe4 13. Bxd8 Rxd8 14. Qf3 f5 15. Qd1 Ba6 16. b3 e5 17. d5 Ne7 18. f3 Nc5 19. b4 Nd7 20. f4 e4 21. g4 Kf7 22. gxf5 Nxf5 23. Qd2 Nf6 24. Rg1 Rh8 25. h3 Nh5 26. Qf2 Nhg3 27. Rxg3 Nxg3 28. Qxg3 Rh5 29. Qg4 Bc8 30. Qg3 Bf5 31. h4 Rah8 32. 0-0-0 Rxh4 33. Be2 Rh3 34. Qe1 Rxe3 35. Kd2 Rhh3 36. Qf2 Ra3 37. Qg1 e3+ 38. Ke1 Be4 39. Qg4 Bf5 1/2-1/2